Normal view MARC view

Entry Personal Name

Number of records used in: 1

001 - CONTROL NUMBER

  • control field: 8632

003 - CONTROL NUMBER IDENTIFIER

  • control field: DLC

005 - DATE AND TIME OF LATEST TRANSACTION

  • control field: 20210702143406.0

008 - FIXED-LENGTH DATA ELEMENTS

  • fixed length control field: 920313n| acannaab| |n aaa |||

010 ## - LIBRARY OF CONGRESS CONTROL NUMBER

  • LC control number: n 92028013

040 ## - CATALOGING SOURCE

  • Original cataloging agency: DLC
  • Transcribing agency: DLC

100 10 - HEADING--PERSONAL NAME

  • Personal name: Byron, Frederick W.

670 ## - SOURCE DATA FOUND

  • Source citation: His Mathematics of classical and quantum physics, 1992:
  • Information found: CIP t.p. (Frederick W. Byron, Jr.; dean, Nat. Sci. and Math., Univ. of Mass., Amherst)

670 ## - SOURCE DATA FOUND

  • Source citation: LC data base, 3-13-92
  • Information found: (hdg.: Byron, Frederick W.)

Powered by Koha